Statistics for Animals Starting With D

Click here to take the quiz!

General Stats

  • This quiz has been taken 146 times
  • The average score is 9 of 15

Answer Stats

Answer% Correct
Duck
99%
Deer
89%
Donkey
88%
Dolphin
87%
Dove
86%
Dingo
76%
Dodo
76%
Dragonfly
73%
Dik-dik
42%
Dog🐕
41%
Dugong
38%
Dormouse
32%
Dromedary Camel
30%
Dhole
20%
Degu
16%

Score Distribution

Percentile by Number Answered

Percent of People with Each Score

Your Score History

You have not taken this quiz